[Event "URU-chT Interclubes Serie B"]
[Site "Montevideo"]
[Date "2016.09.24"]
[Round "4.61"]
[White "Rey Besada, Fernando"]
[Black "Suarez, Pedro Martin"]
[Result "0-1"]
[WhiteElo "1653"]
[BlackElo "1770"]
[PlyCount "50"]
[EventDate "2016.09.23"]
[EventType "swiss"]
[EventRounds "5"]
[EventCountry "URU"]
[SourceTitle "EXT 2024"]
[Source "ChessBase"]
[SourceDate "2023.10.10"]
[SourceVersion "1"]
[SourceVersionDate "2023.10.10"]
[SourceQuality "1"]

1. e4 Nf6 2. e5 Nd5 3. d4 d6 4. c4 Nb6 5. f4 g6 6. Nf3 Bg7 7. Be2 0-0 8. 0-0 dxe5 9. fxe5 Be6 10. b3 c6 11. Be3 f6 12. Bf4 N8d7 13. Qd2 g5 14. exf6 exf6 15. Be3 Qc7 16. Bf2 Rae8 17. Nc3 h6 18. Bg3 Qd8 19. Bd6 Rf7 20. Ne1 f5 21. Bh5 Nf6 22. Bxf7+ Bxf7 23. Be5 Rxe5 24. Nf3 Re7 25. Ne5 Rxe5 0-1

[Event "Montevideo op"]
[Site "Montevideo"]
[Date "2012.06.19"]
[Round "7"]
[White "Nakle, Gonzalo"]
[Black "Rey Besada, Fernando"]
[Result "1/2-1/2"]
[WhiteElo "1757"]
[BlackElo "2193"]
[PlyCount "166"]
[EventDate "2012.06.15"]
[EventType "swiss"]
[EventRounds "9"]
[EventCountry "URU"]
[SourceTitle "CBM 149 Extra"]
[Source "ChessBase"]
[SourceDate "2012.08.24"]
[SourceVersion "1"]
[SourceVersionDate "2012.08.24"]
[SourceQuality "1"]

1. c4 Nf6 2. Nc3 g6 3. g3 Bg7 4. Bg2 d6 5. d3 0-0 6. Nf3 e5 7. 0-0 Nc6 8. Bd2 Be6 9. Qc1 Qc8 10. Bh6 Bh3 11. Bxg7 Kxg7 12. Qg5 Bxg2 13. Kxg2 h6 14. Qd2 a6 15. h4 h5 16. Ng5 Qd7 17. f4 exf4 18. Qxf4 Qe7 19. Rf3 Rae8 20. Raf1 Ng4 21. Nge4 Nce5 22. Nd5 Qd8 23. Ndf6 Nxf3 24. Nxe8+ Qxe8 25. Rxf3 Qe6 26. Nc3 Re8 27. e4 c6 28. Qd2 Rd8 29. Ne2 b5 30. Qg5 f6 31. Nd4 Qd7 32. Qc1 Ne5 33. Re3 bxc4 34. dxc4 d5 35. exd5 cxd5 36. c5 Kf7 37. Qf1 Nc4 38. Re6 Qxe6 39. Nxe6 Ne3+ 40. Kf2 Nxf1 41. Nxd8+ Ke8 42. Ne6 Nd2 43. b4 Ne4+ 44. Kf3 Kd7 45. Nf8+ Kc6 46. Nxg6 Kb5 47. a3 Ka4 48. Ne7 Nc3 49. c6 Nb5 50. Nxd5 Nd4+ 51. Kf4 Nxc6 52. Nc7 Ne7 53. Nxa6 Kxa3 54. b5 Nd5+ 55. Kf5 Ka4 56. Kg6 Kxb5 57. Nb8 Kc5 58. Nd7+ Kd6 59. Nxf6 Ne7+ 60. Kf7 Nf5 61. Nxh5 Ke5 62. Kg6 Ne7+ 63. Kg5 Nf5 64. g4 Nd6 65. Ng3 Nf7+ 66. Kg6 Ke6 67. Nf5 Ne5+ 68. Kg5 Nf7+ 69. Kf4 Kf6 70. h5 Ng5 71. Ne3 Ne6+ 72. Kg3 Kg5 73. Nf5 Nf4 74. h6 Ng6 75. h7 Nh8 76. Nd6 Kg6 77. g5 Kxh7 78. Kg4 Ng6 79. Nf7 Ne7 80. Kh5 Ng6 81. Nh6 Nf4+ 82. Kg4 Ne6 83. g6+ Kxg6 1/2-1/2

[Event "Montevideo op"]
[Site "Montevideo"]
[Date "2012.06.18"]
[Round "6"]
[White "Rey Besada, Fernando"]
[Black "Rodriguez Lazo, Luis A"]
[Result "0-1"]
[WhiteElo "2193"]
[BlackElo "1859"]
[PlyCount "49"]
[EventDate "2012.06.15"]
[EventType "swiss"]
[EventRounds "9"]
[EventCountry "URU"]
[SourceTitle "CBM 149 Extra"]
[Source "ChessBase"]
[SourceDate "2012.08.24"]
[SourceVersion "1"]
[SourceVersionDate "2012.08.24"]
[SourceQuality "1"]

1. e4 e5 2. Nf3 Nf6 3. d4 exd4 4. e5 Ne4 5. Qxd4 d5 6. exd6 Nxd6 7. Nc3 Nc6 8. Qf4 Be6 9. Bd3 h6 10. h3 Qd7 11. Ne5 Nxe5 12. Qxe5 0-0-0 13. 0-0 Be7 14. Qa5 Kb8 15. Be3 b6 16. Qa6 g5 17. Nb5 c6 18. Nxd6 Bxd6 19. f4 gxf4 20. Bxf4 Rhg8 21. Bxd6+ Qxd6 22. Rf3 Qd4+ 23. Kh2 Rxg2+ 24. Kxg2 Rg8+ 25. Kh2 0-1

[Event "Latin Cup"]
[Site "Montevideo"]
[Date "2011.11.04"]
[Round "6"]
[White "Benoit, Rodrigo"]
[Black "Rey Besada, Fernando"]
[Result "1-0"]
[WhiteElo "101"]
[BlackElo "1810"]
[PlyCount "77"]
[EventDate "2011.11.01"]
[EventType "swiss"]
[EventRounds "9"]
[EventCountry "URU"]
[SourceTitle "EXT 2012"]
[Source "ChessBase"]
[SourceDate "2011.11.24"]
[SourceVersion "1"]
[SourceVersionDate "2011.11.24"]
[SourceQuality "1"]

1. d4 Nf6 2. c4 g6 3. Nc3 Bg7 4. e4 d6 5. f4 c5 6. Be3 Ng4 7. Bd2 Bxd4 8. Nh3 Nc6 9. Qf3 Nb4 10. Rc1 0-0 11. a3 Nc6 12. Bd3 Bg7 13. 0-0 Nd4 14. Qd1 Bh6 15. b4 Nf6 16. Nf2 Bd7 17. Ne2 Nc6 18. b5 Na5 19. h3 Bg7 20. g4 a6 21. a4 axb5 22. axb5 b6 23. Ng3 Qc8 24. Kh2 Nb7 25. g5 Ne8 26. h4 h5 27. gxh6 Bxh6 28. h5 gxh5 29. Qxh5 Bg7 30. Rg1 Nf6 31. Qg5 Nh7 32. Qh5 Nf6 33. Qe2 Ng4+ 34. Nxg4 Bxg4 35. Qg2 Bd4 36. Nf5 Bxg1+ 37. Rxg1 Qe6 38. Qxg4+ Qg6 39. Nxe7+ 1-0

[Event "Latin Cup"]
[Site "Montevideo"]
[Date "2011.11.03"]
[Round "3"]
[White "De Mello, Rodrigo"]
[Black "Rey Besada, Fernando"]
[Result "1/2-1/2"]
[WhiteElo "1832"]
[BlackElo "1810"]
[PlyCount "37"]
[EventDate "2011.11.01"]
[EventType "swiss"]
[EventRounds "9"]
[EventCountry "URU"]
[SourceTitle "EXT 2012"]
[Source "ChessBase"]
[SourceDate "2011.11.24"]
[SourceVersion "1"]
[SourceVersionDate "2011.11.24"]
[SourceQuality "1"]

1. d4 Nf6 2. Nf3 g6 3. Bf4 Bg7 4. e3 d6 5. h3 0-0 6. Bc4 Nh5 7. Bh2 c5 8. c3 Nf6 9. 0-0 Bf5 10. Nh4 Be4 11. Nd2 Bc6 12. dxc5 dxc5 13. Nb3 b6 14. Qxd8 Rxd8 15. Rfd1 Bd7 16. Rd3 Nc6 17. Rad1 Be8 18. Nf3 Rxd3 19. Rxd3 1/2-1/2

[Event "Villa Martelli ITT Vicente Lopez"]
[Site "Villa Martelli"]
[Date "2009.08.13"]
[Round "9"]
[White "De Dovitiis, Alejo"]
[Black "Rey Besada, Fernando"]
[Result "1-0"]
[WhiteElo "2346"]
[BlackElo "2213"]
[PlyCount "81"]
[EventDate "2009.08.04"]
[EventType "tourn"]
[EventRounds "9"]
[EventCountry "ARG"]
[EventCategory "2"]
[SourceTitle "CBM 131 Extra"]
[Source "ChessBase"]
[SourceDate "2009.09.03"]
[SourceVersion "2"]
[SourceVersionDate "2009.09.16"]
[SourceQuality "1"]

1. e4 c5 2. Nf3 d6 3. d4 cxd4 4. Nxd4 Nf6 5. Nc3 a6 6. h3 e6 7. g4 b5 8. Bg2 Bb7 9. 0-0 Nc6 10. e5 Nxd4 11. Qxd4 Bxg2 12. exf6 e5 13. Re1 Bc6 14. Nd5 gxf6 15. Qe4 Rc8 16. a4 Bg7 17. axb5 axb5 18. Ra6 0-0 19. Rxc6 Rxc6 20. Nxf6+ Qxf6 21. Qxc6 Qh4 22. Qxd6 Qxh3 23. Re3 Qh4 24. Rd3 e4 25. Qg3 Qe7 26. Rd5 Rd8 27. Bg5 f6 28. Rxd8+ Qxd8 29. Be3 Qd1+ 30. Kg2 Bf8 31. Qf4 Qd5 32. Qxf6 Bg7 33. Qe7 Bxb2 34. Bh6 Qa8 35. Qg5+ Kf7 36. Qf5+ Ke7 37. Bg5+ Kd6 38. Bf4+ Ke7 39. Qxh7+ Ke6 40. Qf5+ Ke7 41. Qxb5 1-0

[Event "Villa Martelli ITT Vicente Lopez"]
[Site "Villa Martelli"]
[Date "2009.08.10"]
[Round "6"]
[White "Lopez Azambuja, Nicolas"]
[Black "Rey Besada, Fernando"]
[Result "1/2-1/2"]
[WhiteElo "2185"]
[BlackElo "2213"]
[PlyCount "107"]
[EventDate "2009.08.04"]
[EventType "tourn"]
[EventRounds "9"]
[EventCountry "ARG"]
[EventCategory "2"]
[SourceTitle "CBM 131 Extra"]
[Source "ChessBase"]
[SourceDate "2009.09.03"]
[SourceVersion "2"]
[SourceVersionDate "2009.09.16"]
[SourceQuality "1"]

1. e4 c5 2. Nf3 d6 3. d4 cxd4 4. Nxd4 Nf6 5. Nc3 a6 6. f3 e5 7. Nb3 Be6 8. Be3 Be7 9. Qd2 0-0 10. 0-0-0 Qc7 11. g4 Rc8 12. g5 Nh5 13. Kb1 Nd7 14. Nd5 Bxd5 15. exd5 g6 16. Bh3 a5 17. Bg4 a4 18. Nc1 a3 19. b3 Nf4 20. Bxf4 exf4 21. h4 Bf8 22. Nd3 Bg7 23. Bxd7 Qxd7 24. Rh2 Qf5 25. Re2 Qxd5 26. Nxf4 Qxf3 27. Nd5 Re8 28. Rf2 Qg3 29. Nc7 Rac8 30. Nxe8 Rxe8 31. Qf4 Qe3 32. Qxe3 Rxe3 33. Kc1 Be5 34. Rdf1 f5 35. gxf6 Kf7 36. Rh1 Bg3 37. Rg2 Bf4 38. Kd1 h6 39. Re2 Rg3 40. Re7+ Kxf6 41. Rxb7 Be5 42. Rh7 h5 43. Kd2 Bc3+ 44. Ke2 d5 45. Rf1+ Ke6 46. Rc7 d4 47. Kf2 Rg4 48. Rg1 Rxh4 49. Rxg6+ Kf5 50. Rcc6 Rh2+ 51. Rg2 Rh1 52. Rg1 Rh2+ 53. Rg2 Rh1 54. Rg1 1/2-1/2

[Event "Villa Ballester Verano op 59th"]
[Site "Villa Ballester"]
[Date "2009.01.19"]
[Round "1"]
[White "Rey Besada, Fernando"]
[Black "Alegre, Eugenia"]
[Result "1-0"]
[WhiteElo "2213"]
[BlackElo "1812"]
[PlyCount "43"]
[EventDate "2009.01.06"]
[EventType "swiss"]
[EventRounds "9"]
[EventCountry "ARG"]
[SourceTitle "CBM 128 Extra"]
[Source "ChessBase"]
[SourceDate "2009.03.05"]
[SourceVersion "2"]
[SourceVersionDate "2009.03.25"]
[SourceQuality "1"]

1. e4 c5 2. Nf3 d6 3. d4 cxd4 4. Nxd4 Nf6 5. Nc3 g6 6. Be3 Bg7 7. f3 0-0 8. Qd2 Nc6 9. Bc4 Bd7 10. h4 h5 11. 0-0-0 Rc8 12. Bb3 Ne5 13. Bg5 a6 14. g4 hxg4 15. h5 Nxh5 16. Rxh5 gxh5 17. Nd5 Ng6 18. Nf5 gxf3 19. Ndxe7+ Nxe7 20. Bxe7 Qb6 21. Qg5 Bxf5 22. Bf6 1-0

[Event "Villa Martelli Pro Am op 15th"]
[Site "Villa Martelli"]
[Date "2008.10.18"]
[Round "9.21"]
[White "Rey Besada, Fernando"]
[Black "Lopez, Cosme Damian"]
[Result "1-0"]
[WhiteElo "2211"]
[BlackElo "1815"]
[PlyCount "57"]
[EventDate "2008.10.10"]
[EventType "swiss"]
[EventRounds "9"]
[EventCountry "ARG"]
[SourceTitle "EXT 2019"]
[Source "ChessBase"]
[SourceDate "2018.10.10"]
[SourceVersion "1"]
[SourceVersionDate "2018.10.10"]
[SourceQuality "1"]

1. e4 c6 2. c4 d5 3. exd5 cxd5 4. cxd5 Nf6 5. Qa4+ Bd7 6. Qb3 Qb6 7. Nc3 Na6 8. Bxa6 Qxa6 9. Nge2 g6 10. 0-0 Bg7 11. d4 0-0 12. Bf4 b5 13. Rfe1 Rfe8 14. Be5 Qb6 15. Ng3 a5 16. a4 b4 17. Nce4 Rac8 18. h3 Qb7 19. Nc5 Qa7 20. Rad1 Rcd8 21. Qf3 Qa8 22. Bxf6 Bxf6 23. Nge4 Kg7 24. Nxd7 Rxd7 25. d6 Bh4 26. Qf4 Bf6 27. dxe7 Bxe7 28. Qe5+ f6 29. Nxf6 1-0

[Event "Villa Martelli Pro Am op 15th"]
[Site "Villa Martelli"]
[Date "2008.10.11"]
[Round "2"]
[White "Rey Besada, Fernando"]
[Black "Slipak, Sergio"]
[Result "1/2-1/2"]
[WhiteElo "2211"]
[BlackElo "2456"]
[PlyCount "54"]
[EventDate "2008.10.10"]
[EventType "swiss"]
[EventRounds "9"]
[EventCountry "ARG"]
[SourceTitle "CBM 126 Extra"]
[Source "ChessBase"]
[SourceDate "2008.11.05"]
[SourceVersion "1"]
[SourceVersionDate "2008.11.05"]
[SourceQuality "1"]

1. e4 c6 2. d4 d5 3. exd5 cxd5 4. c4 Nf6 5. Nc3 g6 6. cxd5 Nxd5 7. Bc4 Nb6 8. Bb3 Bg7 9. Be3 0-0 10. Nf3 Bg4 11. h3 Bxf3 12. Qxf3 Nc6 13. Rd1 Nxd4 14. Bxd4 Bxd4 15. Nb5 e5 16. 0-0 Kg7 17. Qxb7 Qf6 18. Nxd4 exd4 19. Rd3 Rfd8 20. Rf3 Rd7 21. Rxf6 Rxb7 22. Rd6 Rd7 23. Rxd7 Nxd7 24. Rd1 Nc5 25. Rxd4 Nxb3 26. axb3 Rc8 27. Rc4 Rd8 1/2-1/2

[Event "Villa Martelli Rubinstein Memorial"]
[Site "Villa Martelli"]
[Date "2008.08.04"]
[Round "7.3"]
[White "Nejanky, Maisa"]
[Black "Rey Besada, Fernando"]
[Result "1/2-1/2"]
[WhiteElo "2113"]
[BlackElo "2177"]
[PlyCount "42"]
[EventDate "2008.07.29"]
[EventType "swiss"]
[EventRounds "9"]
[EventCountry "ARG"]
[SourceTitle "EXT 2024"]
[Source "ChessBase"]
[SourceDate "2023.10.10"]
[SourceVersion "1"]
[SourceVersionDate "2023.10.10"]
[SourceQuality "1"]

1. e4 c5 2. Nf3 Nc6 3. d4 cxd4 4. Nxd4 e5 5. Nb5 d6 6. N1c3 a6 7. Na3 b5 8. Nd5 Nge7 9. Bg5 h6 10. Bxe7 Bxe7 11. c3 0-0 12. Bd3 Be6 13. Qh5 Nb8 14. Nc2 Nd7 15. Nce3 Bg5 16. 0-0 g6 17. Qe2 Bxd5 18. Nxd5 Nb6 19. Nxb6 Qxb6 20. a4 Rab8 21. axb5 axb5 1/2-1/2

[Event "Villa Martelli Rubinstein Memorial"]
[Site "Villa Martelli"]
[Date "2008.08.02"]
[Round "5.5"]
[White "Rey Besada, Fernando"]
[Black "Franco, Gaston Nicolas"]
[Result "1-0"]
[WhiteElo "2177"]
[BlackElo "2044"]
[PlyCount "79"]
[EventDate "2008.07.29"]
[EventType "swiss"]
[EventRounds "9"]
[EventCountry "ARG"]
[SourceTitle "EXT 2024"]
[Source "ChessBase"]
[SourceDate "2023.10.10"]
[SourceVersion "1"]
[SourceVersionDate "2023.10.10"]
[SourceQuality "1"]

1. e4 c5 2. Nf3 g6 3. Bc4 Bg7 4. 0-0 Nc6 5. Re1 d6 6. c3 Nf6 7. Bb3 0-0 8. h3 b5 9. d4 Qc7 10. Nbd2 b4 11. Nf1 bxc3 12. bxc3 cxd4 13. cxd4 Na5 14. Bc2 Bb7 15. Bg5 d5 16. Rc1 dxe4 17. Bxe4 Qb6 18. Rb1 Qc7 19. Bxb7 Nxb7 20. Qd2 Rac8 21. Rec1 Qb8 22. Bf4 Qa8 23. Bh6 Nd6 24. Bxg7 Kxg7 25. Qe3 Qe4 26. Qg5 Nf5 27. Ng3 Nxg3 28. Qxg3 Rc2 29. Re1 Re2 30. Rxe2 Qxb1+ 31. Re1 Qb7 32. Qe5 e6 33. Rc1 Qb8 34. Rc5 Qb1+ 35. Kh2 Qxa2 36. Ra5 Qb3 37. Rxa7 Qd5 38. Ng5 Rc8 39. Rxf7+ Kh6 40. Qxf6 1-0

[Event "Villa Ballester CAVB-ch"]
[Site "Villa Ballester"]
[Date "2005.03.11"]
[Round "2"]
[White "Rey Besada, Fernando"]
[Black "Chadwick, Norman William"]
[Result "1-0"]
[WhiteElo "2202"]
[BlackElo "2220"]
[PlyCount "57"]
[EventDate "2005.03.10"]
[EventType "tourn"]
[EventRounds "8"]
[EventCountry "ARG"]
[SourceTitle "CBM 105 Extra"]
[Source "ChessBase"]
[SourceDate "2005.05.01"]
[SourceVersion "1"]
[SourceVersionDate "2005.05.01"]
[SourceQuality "1"]

1. e4 c5 2. Nf3 d6 3. d4 cxd4 4. Nxd4 Nf6 5. Nc3 g6 6. Be3 Bg7 7. f3 0-0 8. Qd2 Nc6 9. Bc4 Bd7 10. h4 Na5 11. Bb3 Rb8 12. h5 Nxb3 13. cxb3 b5 14. 0-0-0 a5 15. Kb1 Qe8 16. Bh6 b4 17. Bxg7 Kxg7 18. Nd5 Rh8 19. Nxf6 exf6 20. Nc2 Rb6 21. h6+ Kf8 22. Qd4 Qd8 23. Ne3 Be6 24. f4 Rb5 25. g4 Qb6 26. Qxf6 Rg8 27. Nc4 Qc6 28. Qd8+ Qe8 29. Qxe8+ 1-0

[Event "Buenos Aires-chT Intercoop 30th"]
[Site "Buenos Aires"]
[Date "2004.09.18"]
[Round "5"]
[White "Bruno, Eduardo"]
[Black "Rey Besada, Fernando"]
[Result "0-1"]
[WhiteElo "2266"]
[BlackElo "2169"]
[PlyCount "108"]
[EventDate "2004.08.21"]
[EventType "team"]
[EventRounds "7"]
[EventCountry "ARG"]
[SourceTitle "CBM 102 Extra"]
[Source "ChessBase"]
[SourceDate "2004.11.03"]
[SourceVersion "1"]
[SourceVersionDate "2004.11.03"]
[SourceQuality "1"]

1. e4 c5 2. Nf3 d6 3. d4 cxd4 4. Nxd4 Nf6 5. Nc3 a6 6. g3 e5 7. Nde2 Be7 8. a4 Qc7 9. Bg2 b6 10. 0-0 Nbd7 11. h3 h5 12. Bg5 Bb7 13. Qd2 Rc8 14. Rfd1 0-0 15. Kh2 Bc6 16. Qe3 Ra8 17. f4 b5 18. axb5 axb5 19. Rxa8 Rxa8 20. fxe5 Nxe5 21. Bxf6 Bxf6 22. Nf4 Nc4 23. Qf3 h4 24. Nfd5 hxg3+ 25. Kh1 Qd8 26. b3 Bxc3 27. Qxc3 Bxd5 28. bxc4 Bxc4 29. Qxg3 Ra6 30. e5 d5 31. Be4 Qf8 32. Bf5 Rh6 33. Qg4 Kh8 34. e6 fxe6 35. Bd3 Bxd3 36. cxd3 Qf5 37. Qxf5 exf5 38. Kg2 Rb6 39. Kf3 g5 40. Ke3 b4 41. Kd4 Rb5 42. Ke5 f4 43. Kf5 b3 44. Kg4 b2 45. Rb1 Kg7 46. h4 gxh4 47. Kxh4 Kf6 48. Kg4 Ke5 49. Kf3 Kd4 50. Ke2 f3+ 51. Kd2 f2 52. Kc2 f1Q 53. Rxf1 b1Q+ 54. Rxb1 Rxb1 0-1

[Event "FANEBA-ch"]
[Site "Villa Ballester"]
[Date "2003.05.25"]
[Round "6"]
[White "Alvarez Castillo, Hector Adrian"]
[Black "Rey Besada, Fernando"]
[Result "0-1"]
[WhiteElo "2224"]
[BlackElo "2172"]
[PlyCount "89"]
[EventDate "2003.05.16"]
[EventType "swiss"]
[EventRounds "7"]
[EventCountry "ARG"]
[SourceTitle "CBM 094 Extra"]
[Source "ChessBase"]
[SourceDate "2003.07.09"]
[SourceVersion "2"]
[SourceVersionDate "2003.07.09"]
[SourceQuality "1"]

1. d4 d5 2. Nf3 Nf6 3. Bg5 g6 4. Qc1 Bg7 5. Bh6 0-0 6. Bxg7 Kxg7 7. h4 h5 8. Nbd2 c5 9. dxc5 Nc6 10. c3 e5 11. b4 e4 12. Nd4 e3 13. fxe3 Qc7 14. N2f3 Ne4 15. Rg1 Qg3+ 16. Kd1 Bg4 17. Kc2 Qf2 18. Rh1 Ng3 19. Rh2 Nxd4+ 20. Nxd4 Qg1 21. Rh3 Bxh3 22. gxh3 Rfe8 23. Nf3 Qxe3 24. Qxe3 Rxe3 25. Nd4 Ne4 26. Bg2 Rxc3+ 27. Kb2 Rc4 28. Nc2 a5 29. Rd1 axb4 30. Rxd5 Nxc5 31. Nd4 Ra5 32. Rd8 Ne6 33. Nxe6+ fxe6 34. Rd7+ Kf6 35. Rxb7 Rxh4 36. Rb8 Rd4 37. Bf3 Rd2+ 38. Kb3 Raxa2 39. Rf8+ Kg7 40. Rf4 Rab2+ 41. Kc4 e5 42. Re4 Rd4+ 43. Rxd4 exd4 44. Kxd4 Rc2 45. h4 0-1